[Event "Ulan-Ude Baikal Harbor"]
[Site "Ulan-Ude"]
[Date "2011.12.21"]
[Round "6"]
[White "Budaev, Erdem"]
[Black "Baldarov, Aur"]
[Result "1-0"]
[WhiteElo "1879"]
[BlackElo "1903"]
[PlyCount "57"]
[EventDate "2011.12.17"]
[EventType "swiss"]
[EventRounds "9"]
[EventCountry "RUS"]
[SourceTitle "EXT 2022"]
[Source "ChessBase"]
[SourceDate "2021.10.06"]
[SourceVersion "1"]
[SourceVersionDate "2021.10.06"]
[SourceQuality "1"]

1. Nf3 d5 2. d4 g6 3. c4 c6 4. Nc3 Bg7 5. e4 dxe4 6. Nxe4 Bf5 7. Nc3 Nf6 8. h3 0-0 9. Be2 Na6 10. Bf4 Nc7 11. Qb3 Qc8 12. 0-0 Ne6 13. Be5 Ne4 14. Nxe4 Bxe4 15. Qe3 Bxf3 16. Bxf3 Rd8 17. d5 cxd5 18. cxd5 Bxe5 19. Qxe5 Qc7 20. Qe3 Ng7 21. Rac1 Qd6 22. g4 Ne8 23. Rfe1 Rd7 24. Red1 Nc7 25. Kg2 Rf8 26. Qxa7 Ra8 27. Qxb7 Rxa2 28. Rc6 Qe5 29. Qc8+ 1-0

[Event "Ulan-Ude Baikal Harbor"]
[Site "Ulan-Ude"]
[Date "2011.12.18"]
[Round "3"]
[White "Sadykov, Al"]
[Black "Budaev, Erdem"]
[Result "1-0"]
[WhiteElo "1879"]
[BlackElo "1879"]
[PlyCount "77"]
[EventDate "2011.12.17"]
[EventType "swiss"]
[EventRounds "9"]
[EventCountry "RUS"]
[SourceTitle "EXT 2022"]
[Source "ChessBase"]
[SourceDate "2021.10.06"]
[SourceVersion "1"]
[SourceVersionDate "2021.10.06"]
[SourceQuality "1"]

1. d4 Nf6 2. Nf3 g6 3. c4 Bg7 4. Nc3 0-0 5. e4 d6 6. Be2 e5 7. Be3 Nc6 8. d5 Ne7 9. Nd2 Ne8 10. 0-0 f5 11. f3 f4 12. Bf2 g5 13. b4 h5 14. c5 Rf7 15. Rc1 Bf8 16. Nb5 Rg7 17. cxd6 cxd6 18. Nxa7 g4 19. fxg4 Bxg4 20. a4 Nf6 21. Kh1 Ng6 22. a5 Bxe2 23. Qxe2 Ng4 24. Bb6 Qf6 25. h3 Nh4 26. hxg4 hxg4 27. g3 f3 28. gxh4 Qxh4+ 29. Qh2 Qg5 30. Nxf3 gxf3 31. Rg1 Qf6 32. Qh3 Qf4 33. Rcf1 Qxe4 34. Rxg7+ Bxg7 35. Qxf3 Qh4+ 36. Kg1 Kh8 37. Rf2 Rf8 38. Qxf8+ Bxf8 39. Rh2 1-0

[Event "Moscow op-E"]
[Site "Moscow"]
[Date "2011.02.03"]
[Round "6.186"]
[White "Rossal, Valeriy I"]
[Black "Budaev, Erdem"]
[Result "1-0"]
[WhiteElo "2050"]
[BlackElo "1901"]
[PlyCount "99"]
[EventDate "2011.01.29"]
[EventType "swiss"]
[EventRounds "9"]
[EventCountry "RUS"]
[SourceTitle "EXT 2022"]
[Source "ChessBase"]
[SourceDate "2021.10.06"]
[SourceVersion "1"]
[SourceVersionDate "2021.10.06"]
[SourceQuality "1"]

1. d4 Nf6 2. Nf3 g6 3. c4 Bg7 4. Nc3 d6 5. g3 0-0 6. Bg2 Nc6 7. d5 Na5 8. Nd2 c5 9. 0-0 a6 10. Qc2 Rb8 11. b3 b5 12. Bb2 Bh6 13. f4 Ng4 14. Nd1 bxc4 15. bxc4 e6 16. Qc3 e5 17. h3 Nf6 18. e3 Bg7 19. Qc2 exf4 20. gxf4 Bd7 21. Bc3 Re8 22. Qd3 Nh5 23. Bxg7 Kxg7 24. Rf3 f5 25. Rb1 Nf6 26. Rf1 Rxb1 27. Qxb1 Qb8 28. Qc1 Ba4 29. Kf2 Qb4 30. a3 Qb6 31. Qc3 Nb3 32. Nb2 Bd7 33. Nf3 h6 34. Nd3 a5 35. Nfe5 Bc8 36. Nc6 a4 37. Bf3 Rf8 38. Rg1 Kh7 39. Ne7 Ne4+ 40. Bxe4 fxe4 41. Rxg6 Nd4 42. exd4 cxd4 43. Qb4 Qxb4 44. Nxb4 Rxf4+ 45. Ke1 Bxh3 46. Rg3 Bf1 47. Nbc6 e3 48. Nxd4 Bxc4 49. Ne2 Re4 50. Ng8 1-0

[Event "Ulan-Ude op"]
[Site "Ulan-Ude"]
[Date "2011.01.21"]
[Round "9"]
[White "Budaev, Erdem"]
[Black "Tugarin, Anton"]
[Result "0-1"]
[WhiteElo "1901"]
[BlackElo "1982"]
[PlyCount "80"]
[EventDate "2011.01.15"]
[EventType "swiss"]
[EventRounds "9"]
[EventCountry "RUS"]
[SourceTitle "CBM 140 Extra"]
[Source "ChessBase"]
[SourceDate "2011.03.01"]
[SourceVersion "1"]
[SourceVersionDate "2011.03.01"]
[SourceQuality "1"]

1. Nf3 e6 2. g3 f5 3. Bg2 Nf6 4. c4 d5 5. 0-0 c6 6. d3 Bc5 7. Bd2 a5 8. Nc3 0-0 9. a3 Nbd7 10. Rb1 Qe7 11. Qc2 e5 12. cxd5 cxd5 13. Nb5 Nb8 14. b4 axb4 15. axb4 Bb6 16. Qb3 Kh8 17. Rfc1 Nc6 18. Nc3 Be6 19. Na4 Nd4 20. Nxd4 Bxd4 21. e3 Ba7 22. b5 Bb8 23. Nb6 d4 24. Qb2 Ra2 25. Bb4 Qd8 26. Bxf8 Rxb2 27. Rxb2 Qxb6 28. Bc5 Qc7 29. exd4 e4 30. dxe4 fxe4 31. b6 Qd7 32. Ra1 Bd6 33. Ra8+ Bg8 34. g4 Bxc5 35. dxc5 Qd1+ 36. Bf1 Qxg4+ 37. Kh1 Qd1 38. Kg2 Qd5 39. Rc8 Qg5+ 40. Kh1 Qc1 0-1

[Event "Ulan-Ude op"]
[Site "Ulan-Ude"]
[Date "2011.01.16"]
[Round "3"]
[White "Budaev, Erdem"]
[Black "Tsydypov, Zhamsaran"]
[Result "0-1"]
[WhiteElo "1901"]
[BlackElo "2105"]
[PlyCount "66"]
[EventDate "2011.01.15"]
[EventType "swiss"]
[EventRounds "9"]
[EventCountry "RUS"]
[SourceTitle "CBM 140 Extra"]
[Source "ChessBase"]
[SourceDate "2011.03.01"]
[SourceVersion "1"]
[SourceVersionDate "2011.03.01"]
[SourceQuality "1"]

1. c4 g6 2. Nc3 c5 3. Nf3 Bg7 4. g3 Nc6 5. Bg2 e5 6. 0-0 Nge7 7. d3 d6 8. e4 0-0 9. Be3 f5 10. Qd2 Nd4 11. Nh4 Nec6 12. f4 Be6 13. Rae1 Kh8 14. Nd5 Bg8 15. fxe5 dxe5 16. Bh6 f4 17. Bxg7+ Kxg7 18. Nf3 Nxf3+ 19. Bxf3 Nd4 20. gxf4 Bxd5 21. cxd5 Rxf4 22. Bg2 Qg5 23. Rxf4 Nf3+ 24. Rxf3 Qxd2 25. Ref1 Qxb2 26. Rf7+ Kg8 27. R1f3 Qd4+ 28. Kf1 c4 29. dxc4 Qxc4+ 30. Kf2 Rc8 31. Rxb7 Qxe4 32. Kg3 Rc3 33. d6 Qf4+ 0-1

[Event "Ulan-Ude Vakarin Memorial"]
[Site "Ulan-Ude"]
[Date "2010.06.??"]
[Round "8"]
[White "Budaev, Erdem"]
[Black "Maximov, Anton"]
[Result "1/2-1/2"]
[WhiteElo "1948"]
[BlackElo "2178"]
[PlyCount "47"]
[EventDate "2010.06.??"]
[EventType "tourn"]
[EventRounds "9"]
[EventCountry "RUS"]
[SourceTitle "EXT 2012"]
[Source "ChessBase"]
[SourceDate "2011.11.24"]
[SourceVersion "1"]
[SourceVersionDate "2011.11.24"]
[SourceQuality "1"]

1. e4 c6 2. d3 d5 3. Nd2 g6 4. Ngf3 Bg7 5. g3 Bg4 6. Bg2 e6 7. 0-0 Ne7 8. Re1 Nd7 9. h3 Bxf3 10. Nxf3 0-0 11. Qe2 dxe4 12. dxe4 e5 13. Be3 Qc7 14. Rad1 Nb6 15. Rd2 Rad8 16. Red1 Rxd2 17. Rxd2 Rd8 18. Rxd8+ Qxd8 19. Qd2 Qxd2 20. Nxd2 Nbc8 21. Nc4 f5 22. exf5 Nxf5 23. Be4 Nxe3 24. fxe3 1/2-1/2

[Event "Ulan-Ude Vakarin Memorial"]
[Site "Ulan-Ude"]
[Date "2010.06.??"]
[Round "4"]
[White "Budaev, Erdem"]
[Black "Shagdurov, Denis"]
[Result "1/2-1/2"]
[WhiteElo "1948"]
[BlackElo "1699"]
[PlyCount "20"]
[EventDate "2010.06.??"]
[EventType "tourn"]
[EventRounds "9"]
[EventCountry "RUS"]
[SourceTitle "EXT 2012"]
[Source "ChessBase"]
[SourceDate "2011.11.24"]
[SourceVersion "1"]
[SourceVersionDate "2011.11.24"]
[SourceQuality "1"]

1. d4 d5 2. Nf3 Nf6 3. c4 c6 4. Nc3 e6 5. Bg5 Be7 6. e3 0-0 7. Be2 h6 8. Bxf6 Bxf6 9. 0-0 Kh8 10. Kh1 Kg8 1/2-1/2

[Event "Ulan-Ude Vakarin Memorial"]
[Site "Ulan-Ude"]
[Date "2010.06.??"]
[Round "9"]
[White "Radnaev, Anatoly"]
[Black "Budaev, Erdem"]
[Result "1/2-1/2"]
[WhiteElo "2052"]
[BlackElo "1948"]
[PlyCount "44"]
[EventDate "2010.06.??"]
[EventType "tourn"]
[EventRounds "9"]
[EventCountry "RUS"]
[SourceTitle "EXT 2012"]
[Source "ChessBase"]
[SourceDate "2011.11.24"]
[SourceVersion "1"]
[SourceVersionDate "2011.11.24"]
[SourceQuality "1"]

1. d4 Nf6 2. Nf3 g6 3. g3 Bg7 4. Bg2 0-0 5. 0-0 d6 6. c4 a6 7. Nc3 Nc6 8. e4 b5 9. d5 Na7 10. cxb5 Nxb5 11. Nxb5 axb5 12. Nd4 Bd7 13. Be3 Ng4 14. Bc1 Ra4 15. Ne2 c5 16. dxc6 Bxc6 17. Nc3 Bxc3 18. bxc3 Ne5 19. f4 Qb6+ 20. Kh1 Nc4 21. Qd4 Rfa8 22. Qxb6 Nxb6 1/2-1/2

[Event "Ulan-Ude Vakarin Memorial"]
[Site "Ulan-Ude"]
[Date "2010.06.??"]
[Round "5"]
[White "Tsydypov, Bair"]
[Black "Budaev, Erdem"]
[Result "1-0"]
[WhiteElo "2041"]
[BlackElo "1948"]
[PlyCount "37"]
[EventDate "2010.06.??"]
[EventType "tourn"]
[EventRounds "9"]
[EventCountry "RUS"]
[SourceTitle "EXT 2012"]
[Source "ChessBase"]
[SourceDate "2011.11.24"]
[SourceVersion "1"]
[SourceVersionDate "2011.11.24"]
[SourceQuality "1"]

1. e4 c5 2. Nf3 a6 3. c4 Nc6 4. d4 cxd4 5. Nxd4 Nf6 6. Nc3 g6 7. Be2 d6 8. 0-0 Bg7 9. Be3 0-0 10. Nc2 Bd7 11. b3 Rc8 12. Nd5 Nxd5 13. cxd5 Ne5 14. Bd4 a5 15. b4 Nc4 16. Bxg7 Kxg7 17. Qd4+ Kg8 18. Bxc4 b5 19. Bd3 1-0